[Event "EU-ch Rapid"]
[Site "Katowice"]
[Date "2021.12.18"]
[Round "2"]
[White "Bjerre, Jonas Buhl"]
[Black "Tarczykowski, Janusz"]
[Result "1-0"]
[WhiteElo "2586"]
[BlackElo "2048"]
[PlyCount "137"]
[EventDate "2021.12.18"]
[EventType "swiss (rapid)"]
[EventRounds "11"]
[EventCountry "POL"]
[SourceTitle "CBM 205 Extra"]
[Source "ChessBase"]
[SourceDate "2022.01.31"]
[SourceVersion "1"]
[SourceVersionDate "2022.01.31"]
[SourceQuality "1"]

1. e4 Nf6 2. e5 Nd5 3. d4 d6 4. Nf3 dxe5 5. Nxe5 c6 6. Bd3 Nd7 7. Nf3 g6 8. 0-0 Bg7 9. Re1 0-0 10. a3 b5 11. a4 b4 12. a5 c5 13. Bc4 e6 14. Bg5 Qc7 15. Bxd5 exd5 16. Be7 Re8 17. dxc5 Ne5 18. Nxe5 Rxe7 19. Nd3 Bf5 20. Rxe7 Qxe7 21. Nxb4 Qxc5 22. Qxd5 Re8 23. Qd2 Bxb2 24. Ra4 Bd4 25. g4 Bxg4 26. Nd3 Qb5 27. Rb4 Qd7 28. Qf4 Bh3 29. Rxd4 Qb7 30. f3 Qxb1+ 31. Kf2 Qf1+ 32. Kg3 Qg2+ 33. Kh4 Bf5 34. Qg3 Qe2 35. Qf4 f6 36. Kg3 Bxd3 37. cxd3 Qe1+ 38. Kh3 Qf1+ 39. Kg3 Qg1+ 40. Kh3 g5 41. Qg4 Qf1+ 42. Qg2 Qe1 43. Qa2+ Kh8 44. Re4 Rxe4 45. dxe4 Qh4+ 46. Kg2 Qf4 47. Qf7 Qd2+ 48. Kh3 Qd6 49. Qxa7 h5 50. Qe3 Qd7+ 51. Kg2 h4 52. Qc3 Qd6 53. Qb2 Qa6 54. Qd2 Kg7 55. e5 Kg6 56. Qc2+ f5 57. Qd2 Kh5 58. h3 Qb5 59. Qe1 Qb2+ 60. Kh1 Qa3 61. Qe2 Qxa5 62. e6 Qa1+ 63. Kg2 Qa8 64. e7 Qe8 65. Qe6 f4 66. Kh2 g4 67. Qf5+ Kh6 68. Qf8+ Kh7 69. Qxe8 1-0

[Event "Krakow Malopolska-ch"]
[Site "Krakow"]
[Date "2021.06.05"]
[Round "6"]
[White "Klepek, Witold"]
[Black "Tarczykowski, Janusz"]
[Result "1/2-1/2"]
[WhiteElo "2208"]
[BlackElo "2029"]
[PlyCount "164"]
[EventDate "2021.06.03"]
[EventType "swiss"]
[EventRounds "7"]
[EventCountry "POL"]
[SourceTitle "CBM 202 Extra"]
[Source "ChessBase"]
[SourceDate "2021.07.31"]
[SourceVersion "1"]
[SourceVersionDate "2021.07.31"]
[SourceQuality "1"]

1. e4 Nf6 2. e5 Nd5 3. d4 d6 4. c4 Nb6 5. exd6 exd6 6. Nc3 Nc6 7. Be3 Be7 8. h3 Bf5 9. Nf3 0-0 10. Bd3 Qd7 11. 0-0 Nb4 12. Bxf5 Qxf5 13. b3 Rae8 14. Qd2 Nc2 15. Rac1 Nxe3 16. fxe3 Bg5 17. Nxg5 Qxg5 18. Rce1 c6 19. Qf2 f5 20. Qf4 Qf6 21. Kh2 g5 22. Qf3 Qg6 23. g3 g4 24. Qf4 gxh3 25. Kxh3 Nd7 26. Kg2 Re7 27. Rf3 Rg7 28. e4 Rgf7 29. e5 dxe5 30. dxe5 Qe6 31. Rd3 Rg7 32. Rd6 Qe7 33. Kh3 Rg6 34. Re2 Re6 35. Qd4 Rf7 36. c5 Rg7 37. Qc4 Nf8 38. Rf2 Rf7 39. g4 Rxe5 40. Rxf5 Rexf5 41. gxf5 Qe3+ 42. Kg4 Qg1+ 43. Kf3 Qh1+ 44. Kg3 Qg1+ 45. Kf3 Qg5 46. f6 Nd7 47. Qf4 Qxf4+ 48. Kxf4 Nxf6 49. Kg5 Kg7 50. b4 h6+ 51. Kh4 Re7 52. b5 cxb5 53. Nxb5 a6 54. Nd4 Re4+ 55. Kh3 Re3+ 56. Kh4 Rc3 57. Ne6+ Kg6 58. Nf4+ Kf5 59. Rxf6+ Kxf6 60. Nd5+ Ke5 61. Nxc3 Kd4 62. Na4 Kc4 63. a3 Kb5 64. Nb2 Kxc5 65. Kh5 Kd4 66. Na4 Kc4 67. Nb6+ Kb5 68. Nd7 a5 69. Kxh6 a4 70. Kg5 Kc4 71. Kf4 Kb3 72. Ke3 Kxa3 73. Kd2 Kb2 74. Nb6 a3 75. Na4+ Kb3 76. Nc5+ Kb4 77. Nd3+ Kc4 78. Nc1 b5 79. Kc2 b4 80. Nb3 a2 81. Kb2 a1Q+ 82. Nxa1 b3 1/2-1/2

[Event "Krakow Malopolska-ch"]
[Site "Krakow"]
[Date "2021.06.05"]
[Round "5"]
[White "Tarczykowski, Janusz"]
[Black "Berezowski, Szymon"]
[Result "1-0"]
[WhiteElo "2029"]
[BlackElo "2015"]
[PlyCount "69"]
[EventDate "2021.06.03"]
[EventType "swiss"]
[EventRounds "7"]
[EventCountry "POL"]
[SourceTitle "CBM 202 Extra"]
[Source "ChessBase"]
[SourceDate "2021.07.31"]
[SourceVersion "1"]
[SourceVersionDate "2021.07.31"]
[SourceQuality "1"]

1. d4 Nf6 2. c4 c5 3. d5 b5 4. cxb5 a6 5. bxa6 Bxa6 6. Nc3 d6 7. e4 Bxf1 8. Kxf1 g6 9. g3 Bg7 10. Kg2 0-0 11. Nf3 Na6 12. Re1 Nd7 13. a4 Nc7 14. Qd3 Ra6 15. b3 Qa8 16. Bb2 e6 17. Nb5 Nxb5 18. Bxg7 Kxg7 19. Qxb5 Qa7 20. dxe6 fxe6 21. Ng5 Rf6 22. f4 Rb6 23. Qc4 Rb4 24. Nxe6+ Kg8 25. Qd5 Nb6 26. Qxd6 Rd4 27. Qc7 Qxc7 28. Nxc7 Rd2+ 29. Kf3 Rf7 30. Ne6 Re7 31. Nxc5 Rc7 32. b4 Rd4 33. Re3 Rxb4 34. Na6 Rxe4 35. Kxe4 1-0

[Event "POL-chT3 Kujawsko Pomorskie 1314"]
[Site "Poland"]
[Date "2014.??.??"]
[Round "9.7"]
[White "Cichocki, Konrad"]
[Black "Tarczykowski, Janusz"]
[Result "0-1"]
[WhiteElo "1945"]
[BlackElo "2023"]
[PlyCount "42"]
[EventDate "2013.11.03"]
[EventType "team-tourn"]
[EventRounds "11"]
[EventCountry "POL"]
[SourceTitle "EXT 2018"]
[Source "ChessBase"]
[SourceDate "2017.10.13"]
[SourceVersion "1"]
[SourceVersionDate "2017.10.13"]
[SourceQuality "1"]
[WhiteTeam "Wloclawek 1938"]
[BlackTeam "Torun UKS OPP"]
[WhiteTeamCountry "POL"]
[BlackTeamCountry "POL"]

1. Nf3 c5 2. c4 g6 3. g3 Bg7 4. Bg2 Nc6 5. 0-0 e5 6. Nc3 Nge7 7. d3 0-0 8. a3 d6 9. Rb1 a5 10. Bd2 Rb8 11. Nb5 d5 12. cxd5 Nxd5 13. Qc2 b6 14. e4 Nde7 15. b4 cxb4 16. axb4 Ba6 17. bxa5 bxa5 18. Qa4 Qxd3 19. Nc3 Nd4 20. Rxb8 Nxf3+ 21. Bxf3 Qxf1# 0-1

[Event "Kowalewo Pomorskie op"]
[Site "Kowalewo Pomorskie"]
[Date "2013.07.15"]
[Round "8"]
[White "Smal, Tobiasz"]
[Black "Tarczykowski, Janusz"]
[Result "1-0"]
[WhiteElo "1893"]
[BlackElo "2026"]
[PlyCount "89"]
[EventDate "2013.07.10"]
[EventType "swiss"]
[EventRounds "9"]
[EventCountry "POL"]
[SourceTitle "CBM 155 Extra"]
[Source "ChessBase"]
[SourceDate "2013.08.26"]
[SourceVersion "1"]
[SourceVersionDate "2013.08.26"]
[SourceQuality "1"]

1. e4 c5 2. d4 cxd4 3. Nf3 g6 4. c3 Bg7 5. cxd4 d5 6. e5 Bg4 7. Be2 Bxf3 8. Bxf3 e6 9. Qb3 Qd7 10. Nc3 Ne7 11. Be3 0-0 12. 0-0 Nbc6 13. Bg4 Na5 14. Qa4 Nec6 15. Be2 Qe7 16. Nb5 a6 17. Nd6 b5 18. Qa3 Nb7 19. Rfc1 Nxd6 20. Rxc6 Nf5 21. Qxe7 Nxe7 22. Rc7 Rfe8 23. Bd3 f6 24. f4 Kf7 25. Rac1 Bh6 26. Kf2 fxe5 27. fxe5 Bxe3+ 28. Kxe3 Rec8 29. b3 Rxc7 30. Rxc7 b4 31. Kd2 a5 32. Rb7 Kf8 33. Bb5 Nf5 34. Bd7 Nxd4 35. Kd3 Nf5 36. Bxe6 Ne7 37. Kd4 a4 38. Kc5 axb3 39. axb3 Ra5+ 40. Kd6 Ra6+ 41. Kd7 Nc6 42. Bxd5 Nxe5+ 43. Kc7 Nd3 44. Bc4 Nf4 45. Bxa6 1-0

[Event "Kowalewo Pomorskie op"]
[Site "Kowalewo Pomorskie"]
[Date "2013.07.11"]
[Round "3"]
[White "Sieciechowicz, Marcin"]
[Black "Tarczykowski, Janusz"]
[Result "1-0"]
[WhiteElo "2462"]
[BlackElo "2026"]
[PlyCount "87"]
[EventDate "2013.07.10"]
[EventType "swiss"]
[EventRounds "9"]
[EventCountry "POL"]
[SourceTitle "CBM 155 Extra"]
[Source "ChessBase"]
[SourceDate "2013.08.26"]
[SourceVersion "1"]
[SourceVersionDate "2013.08.26"]
[SourceQuality "1"]

1. d4 Nf6 2. c4 e6 3. Nf3 Bb4+ 4. Bd2 Qe7 5. g3 Nc6 6. Nc3 0-0 7. Bg2 Bxc3 8. Bxc3 Ne4 9. Qc2 Nxc3 10. Qxc3 d6 11. 0-0 e5 12. d5 Nb8 13. c5 Na6 14. cxd6 cxd6 15. Rac1 Bf5 16. Qe3 Qd7 17. Rc4 b5 18. Rc3 Nb4 19. Qd2 a5 20. a3 Na6 21. Rfc1 Nc5 22. Nxe5 dxe5 23. Rxc5 Rfc8 24. Rxc8+ Rxc8 25. Rxc8+ Qxc8 26. e4 Bg4 27. h3 Bd7 28. Qxa5 h5 29. Kh2 h4 30. gxh4 Kh7 31. Qc3 Qe8 32. Qg3 Qb8 33. Bf3 Qb6 34. Bg4 Be8 35. b4 Qd4 36. Qf3 f6 37. h5 Qd2 38. Bf5+ Kh8 39. Qe3 Qd1 40. Qc5 Kg8 41. Qc8 Qxh5 42. Bd7 Qh4 43. Qxe8+ Kh7 44. Bf5+ 1-0

[Event "POL-chT3 Kujawsko Pomorskie 1213"]
[Site "Poland"]
[Date "2013.03.10"]
[Round "10.12"]
[White "Tarczykowski, Janusz"]
[Black "Ciemniak, Krzysztof"]
[Result "1/2-1/2"]
[WhiteElo "1992"]
[BlackElo "1982"]
[PlyCount "64"]
[EventDate "2012.11.04"]
[EventType "team-tourn"]
[EventRounds "11"]
[EventCountry "POL"]
[SourceTitle "EXT 2015"]
[Source "ChessBase"]
[SourceDate "2014.11.20"]
[SourceVersion "1"]
[SourceVersionDate "2014.11.20"]
[SourceQuality "1"]
[WhiteTeam "Torun UKS OPP"]
[BlackTeam "Bydgoszcz Wiartrak"]
[WhiteTeamCountry "POL"]
[BlackTeamCountry "POL"]

1. d4 d5 2. c4 e6 3. Nc3 Nf6 4. cxd5 exd5 5. Bg5 c6 6. e3 Bd6 7. Qc2 Be6 8. Bd3 h6 9. Bh4 Nbd7 10. f4 g5 11. fxg5 hxg5 12. Bxg5 Rxh2 13. Rxh2 Bxh2 14. 0-0-0 Qc7 15. Nge2 Bd6 16. Rf1 Be7 17. Kb1 0-0-0 18. Rc1 a6 19. Na4 Rg8 20. Bf4 Bd6 21. Bxd6 Qxd6 22. Nf4 Ng4 23. Qe2 Qb4 24. Nc5 Nxc5 25. Rxc5 Ne5 26. a3 Qb6 27. Nxe6 Nxd3 28. Qxd3 Rxg2 29. Rc2 Rg1+ 30. Rc1 Rxc1+ 31. Kxc1 fxe6 32. Qg6 Kb8 1/2-1/2

[Event "POL-chT3 Kujawsko Pomorskie 1213"]
[Site "Poland"]
[Date "2012.12.02"]
[Round "3.22"]
[White "Tarczykowski, Janusz"]
[Black "Stolarczyk, Adam"]
[Result "1-0"]
[WhiteElo "1992"]
[BlackElo "2181"]
[PlyCount "137"]
[EventDate "2012.11.04"]
[EventType "team-tourn"]
[EventRounds "11"]
[EventCountry "POL"]
[SourceTitle "EXT 2015"]
[Source "ChessBase"]
[SourceDate "2014.11.20"]
[SourceVersion "1"]
[SourceVersionDate "2014.11.20"]
[SourceQuality "1"]
[WhiteTeam "Torun UKS OPP"]
[BlackTeam "Swiecie Gambit"]
[WhiteTeamCountry "POL"]
[BlackTeamCountry "POL"]

1. d4 Nf6 2. c4 g6 3. Nc3 Bg7 4. Nf3 0-0 5. Bf4 d6 6. e3 c6 7. Be2 a6 8. 0-0 b5 9. Rc1 Nh5 10. Bg5 h6 11. Bh4 g5 12. Nd2 Nf6 13. Bg3 b4 14. Na4 Bf5 15. c5 d5 16. Nb6 Ra7 17. Qa4 Nfd7 18. Nxd7 Qxd7 19. Qxb4 Qc8 20. Qc3 Nd7 21. Nf3 Nf6 22. Nd2 Nd7 23. h3 e6 24. Bd6 Re8 25. f4 Nf6 26. fxg5 hxg5 27. Bd3 Bxd3 28. Qxd3 Qd8 29. Rf3 g4 30. hxg4 Nxg4 31. Rg3 f5 32. Rxg4 fxg4 33. Qg6 Rf7 34. Qxg4 Qf6 35. Rf1 Qh6 36. Rxf7 Kxf7 37. Qf3+ Qf6 38. Be5 Qxf3 39. Nxf3 Bh6 40. Kf2 Rg8 41. Bd6 Bg7 42. g4 Bf6 43. Kg3 Rh8 44. g5 Bg7 45. Nh4 Ke8 46. Kg4 Kd7 47. b3 Ke8 48. Nf3 Rh1 49. Be5 Kf7 50. Bxg7 Kxg7 51. Ne5 Ra1 52. Nxc6 Rxa2 53. Nd8 e5 54. c6 exd4 55. exd4 Rc2 56. Ne6+ Kf7 57. Nc5 Rh2 58. Nxa6 Ke7 59. b4 Rd2 60. g6 Kd6 61. c7 Kd7 62. Kf5 Rf2+ 63. Ke5 Rg2 64. Nc5+ Kxc7 65. g7 Kd8 66. Kxd5 Ke7 67. b5 Rxg7 68. b6 Kd8 69. Ne6+ 1-0

[Event "Kochan Memorial op 23rd"]
[Site "Koszalin"]
[Date "2012.08.17"]
[Round "8"]
[White "Bartoszewicz, Marcin"]
[Black "Tarczykowski, Janusz"]
[Result "1-0"]
[WhiteElo "1908"]
[BlackElo "1988"]
[PlyCount "139"]
[EventDate "2012.08.11"]
[EventType "swiss"]
[EventRounds "9"]
[EventCountry "POL"]
[SourceTitle "CBM 149 Extra"]
[Source "ChessBase"]
[SourceDate "2012.08.24"]
[SourceVersion "1"]
[SourceVersionDate "2012.08.24"]
[SourceQuality "1"]

1. e4 Nf6 2. e5 Nd5 3. d4 d6 4. c4 Nb6 5. exd6 exd6 6. Nc3 Nc6 7. d5 Ne5 8. Be3 Be7 9. f4 Ng4 10. Bd4 0-0 11. Be2 Nh6 12. Nf3 Bg4 13. 0-0 Nf5 14. Bf2 Bf6 15. Qd3 g6 16. h3 Bxf3 17. Bxf3 Nd7 18. Be4 Ng7 19. Rae1 Nc5 20. Qd2 Nxe4 21. Nxe4 Be7 22. Bd4 f5 23. Ng5 Bxg5 24. fxg5 Qd7 25. Bc3 Rae8 26. Qd4 a6 27. Kh2 Rf7 28. Rxe8+ Qxe8 29. Re1 Qd7 30. b4 Re7 31. Rxe7 Qxe7 32. h4 Kf8 33. a4 Qf7 34. Qa7 Qe7 35. Qd4 Qf7 36. b5 Ne8 37. Kg3 Ke7 38. Kf4 Kd7 39. Qa7 Qe7 40. Qe3 Qxe3+ 41. Kxe3 Kc8 42. bxa6 bxa6 43. Kd4 Ng7 44. c5 Nh5 45. Bd2 Ng3 46. c6 Ne4 47. Bb4 Nf2 48. Kc4 Nd1 49. Bd2 Kb8 50. Kb4 Nb2 51. g3 Nd3+ 52. Ka5 Nc5 53. Be3 Ne4 54. Kxa6 Nxg3 55. Kb5 Ne4 56. a5 Nc3+ 57. Kc4 Nd1 58. Bd2 Nf2 59. a6 Ng4 60. Ba5 Ne3+ 61. Kd4 Nc2+ 62. Kd3 Na3 63. Bxc7+ Ka7 64. Bxd6 Nb5 65. Bc5+ Kxa6 66. d6 Nxd6 67. Bxd6 Kb6 68. c7 Kb7 69. Kd4 Kc8 70. Ke5 1-0

[Event "Kochan Memorial op 23rd"]
[Site "Koszalin"]
[Date "2012.08.14"]
[Round "4"]
[White "Tarczykowski, Janusz"]
[Black "Kiolbasa, Damian"]
[Result "1-0"]
[WhiteElo "1988"]
[BlackElo "1826"]
[PlyCount "45"]
[EventDate "2012.08.11"]
[EventType "swiss"]
[EventRounds "9"]
[EventCountry "POL"]
[SourceTitle "CBM 149 Extra"]
[Source "ChessBase"]
[SourceDate "2012.08.24"]
[SourceVersion "1"]
[SourceVersionDate "2012.08.24"]
[SourceQuality "1"]

1. d4 Nf6 2. c4 g6 3. Nc3 Bg7 4. e4 0-0 5. Nf3 d6 6. Be2 Na6 7. 0-0 e5 8. Be3 Ng4 9. Bg5 Qe8 10. c5 exd4 11. Nd5 Qxe4 12. Ne7+ Kh8 13. Bd3 Qe6 14. Re1 Qd7 15. Bxa6 dxc5 16. Bc4 h6 17. Bh4 g5 18. Bxg5 hxg5 19. Nxg5 Qd6 20. Qd3 Qxh2+ 21. Kf1 Qh4 22. Nxf7+ Rxf7 23. Ng6+ 1-0

[Event "POL-chT3 1112"]
[Site "Poland"]
[Date "2012.02.12"]
[Round "6.9"]
[White "Grzenkowicz, Przemyslaw"]
[Black "Tarczykowski, Janusz"]
[Result "1-0"]
[WhiteElo "1862"]
[BlackElo "1997"]
[PlyCount "119"]
[EventDate "2011.11.06"]
[EventType "team-tourn"]
[EventRounds "11"]
[EventCountry "POL"]
[SourceTitle "EXT 2015"]
[Source "ChessBase"]
[SourceDate "2014.11.20"]
[SourceVersion "1"]
[SourceVersionDate "2014.11.20"]
[SourceQuality "1"]
[WhiteTeam "Bydgoszcz Wiartrak"]
[BlackTeam "Torun UKS OPP"]
[WhiteTeamCountry "POL"]
[BlackTeamCountry "POL"]

1. d4 d5 2. Nf3 Nf6 3. c4 c6 4. Nc3 dxc4 5. a4 Bf5 6. e3 e6 7. Bxc4 Bb4 8. 0-0 Nbd7 9. Bd2 0-0 10. Nh4 Bg4 11. Be2 Bxc3 12. Bxc3 Bxe2 13. Qxe2 Ne4 14. Nf3 Nxc3 15. bxc3 Qa5 16. Qb2 Rab8 17. Qb4 Qa6 18. Qe7 Nb6 19. Ne5 Nd5 20. Qc5 Rfd8 21. c4 Nc3 22. Qe7 Rf8 23. Nd7 Rfe8 24. Nxb8 Rxe7 25. Nxa6 bxa6 26. g3 Rb7 27. Kg2 g5 28. Ra3 Ne4 29. Ra2 Rb4 30. Rc1 g4 31. h4 Nd6 32. d5 c5 33. dxe6 fxe6 34. Rd1 Nxc4 35. Rd8+ Kg7 36. Rc8 Ne5 37. Rxc5 Nf3 38. Ra1 Rb6 39. Rc7+ Kg6 40. Rxa7 Ne5 41. a5 Rd6 42. Rb7 Nc4 43. Rb4 Rc6 44. Kg1 Kf6 45. Rc1 Nxa5 46. Rxc6 Nxc6 47. Rb6 Ne5 48. Rxa6 Nf3+ 49. Kf1 Nd2+ 50. Ke2 Ne4 51. Rc6 Kf5 52. Rc8 Kf6 53. Rf8+ Kg6 54. Rf4 Nf6 55. Kd3 e5 56. Ra4 Kf5 57. e4+ Kg6 58. Ra6 Kf7 59. Rxf6+ Kxf6 60. Kc4 1-0

[Event "Kochan Memorial op-B 20th"]
[Site "Koszalin"]
[Date "2009.08.06"]
[Round "1"]
[White "Jastrzebski, Lukasz"]
[Black "Tarczykowski, Janusz"]
[Result "1/2-1/2"]
[WhiteElo "1616"]
[BlackElo "1991"]
[PlyCount "99"]
[EventDate "2009.08.06"]
[EventType "swiss"]
[EventRounds "9"]
[EventCountry "POL"]
[SourceTitle "CBM 132 Extra"]
[Source "ChessBase"]
[SourceDate "2009.11.03"]
[SourceVersion "1"]
[SourceVersionDate "2009.11.03"]
[SourceQuality "1"]

1. e4 Nf6 2. Nc3 d5 3. exd5 Nxd5 4. Nxd5 Qxd5 5. Qf3 Qe5+ 6. Ne2 Nc6 7. c3 Be6 8. d4 Qa5 9. Bd2 Bd5 10. Qg4 e5 11. f4 exd4 12. Nxd4 Nxd4 13. cxd4 Bb4 14. Qd1 0-0 15. a3 Rfe8+ 16. Be2 Bxd2+ 17. Qxd2 Qxd2+ 18. Kxd2 Bxg2 19. Rhg1 Be4 20. Raf1 Rad8 21. Kc3 Bf5 22. Bg4 Bxg4 23. Rxg4 Re3+ 24. Kc4 Re2 25. b3 Rxh2 26. f5 Re2 27. f6 g6 28. a4 h5 29. Rg5 Rd6 30. Re5 Rxe5 31. dxe5 Re6 32. Kd5 Kh7 33. Rc1 c6+ 34. Ke4 Kh6 35. Rd1 h4 36. Kf4 g5+ 37. Kf5 h3 38. Rg1 c5 39. Rg3 Kh7 40. Rxg5 Rb6 41. Rg3 h2 42. Rh3+ Kg8 43. Rg3+ Kh8 44. Rh3+ Kg8 45. Rg3+ Kf8 46. Rh3 Kg8 47. Rg3+ Kh8 48. Rh3+ Kg8 49. Rg3+ Kf8 50. Rh3 1/2-1/2

[Event "Kochan Memorial op 19th"]
[Site "Koszalin"]
[Date "2008.08.09"]
[Round "6"]
[White "Tarczykowski, Janusz"]
[Black "Adamowicz, Maciej"]
[Result "0-1"]
[WhiteElo "1938"]
[BlackElo "1790"]
[PlyCount "112"]
[EventDate "2008.08.04"]
[EventType "swiss"]
[EventRounds "9"]
[EventCountry "POL"]
[SourceTitle "CBM 125 Extra"]
[Source "ChessBase"]
[SourceDate "2008.09.01"]
[SourceVersion "1"]
[SourceVersionDate "2008.09.01"]
[SourceQuality "1"]

1. d4 d5 2. c4 e6 3. Nc3 Nf6 4. cxd5 exd5 5. Bg5 Be7 6. e3 c6 7. Bd3 Nbd7 8. Nge2 0-0 9. 0-0 Re8 10. Qc2 Nf8 11. f3 Ng6 12. e4 dxe4 13. fxe4 Bg4 14. Be3 Bxe2 15. Qxe2 Bb4 16. e5 Bxc3 17. bxc3 Nd5 18. Bd2 b5 19. Qf3 Qd7 20. Bf5 Qc7 21. Qg4 Nde7 22. Be4 Rad8 23. h4 Nd5 24. h5 Nxe5 25. dxe5 Qxe5 26. Bxd5 Qxd5 27. Bh6 Qc5+ 28. Kh1 Qxc3 29. Bg5 Rd4 30. Qf5 f6 31. h6 Rd5 32. Bxf6 Qxf6 33. Qxf6 gxf6 34. Rxf6 c5 35. Raf1 a5 36. R1f4 Rg5 37. Rb6 c4 38. Ra6 a4 39. Rff6 Rc8 40. Rac6 Rc5 41. Rb6 c3 42. Rf1 c2 43. Rc1 Rd5 44. Kh2 Rd1 45. Rxc2 Rxc2 46. Rxb5 Rxa2 47. Rg5+ Kf8 48. Rg7 Rdd2 49. Kh3 Rxg2 50. Rxh7 Rh2+ 51. Kg4 Kg8 52. Rg7+ Kh8 53. Kf4 Rxh6 54. Ra7 a3 55. Ke4 Rd6 56. Ke3 Rh2 0-1

[Event "Kowalewo Pomorskie op-B"]
[Site "Kowalewo Pomorskie"]
[Date "2008.07.12"]
[Round "8.1"]
[White "Bartosik, Piotr1"]
[Black "Tarczykowski, Janusz"]
[Result "0-1"]
[WhiteElo "1994"]
[BlackElo "1938"]
[PlyCount "88"]
[EventDate "2008.07.04"]
[EventType "swiss"]
[EventRounds "9"]
[EventCountry "POL"]
[SourceTitle "EXT 2023"]
[Source "ChessBase"]
[SourceDate "2022.10.05"]
[SourceVersion "1"]
[SourceVersionDate "2022.10.05"]
[SourceQuality "1"]

1. e4 c6 2. d4 d5 3. f3 e6 4. Nc3 Bb4 5. Bf4 Nf6 6. Qd3 b6 7. Nge2 Ba6 8. Qe3 0-0 9. 0-0-0 c5 10. a3 Bxc3 11. Nxc3 Bxf1 12. Rhxf1 Nc6 13. Ne2 c4 14. Bg5 h6 15. Bh4 Ng4 16. Qf4 Qxh4 17. fxg4 b5 18. exd5 exd5 19. Ng3 b4 20. Nf5 Qf6 21. a4 b3 22. c3 Qg5 23. Qxg5 hxg5 24. Rde1 Rfe8 25. Kd2 Kf8 26. Ne3 Ne7 27. g3 Rad8 28. Nf5 Ng8 29. h4 Nf6 30. hxg5 Ne4+ 31. Kd1 g6 32. Ne3 Nxg3 33. Rf6 Ne4 34. Rc6 Nf2+ 35. Kd2 Nd3 36. Rf1 Nxb2 37. Rxg6 Nxa4 38. Ra6 Nxc3 39. g6 Ne4+ 40. Kc1 Rd7 41. Rxf7+ Rxf7 42. gxf7 Rb8 43. Nd1 c3 44. Nxc3 Nxc3 0-1

[Event "Kowalewo Pomorskie op-B"]
[Site "Kowalewo Pomorskie"]
[Date "2008.07.07"]
[Round "4.1"]
[White "Kobus, Sebastian"]
[Black "Tarczykowski, Janusz"]
[Result "1/2-1/2"]
[WhiteElo "1901"]
[BlackElo "1938"]
[PlyCount "58"]
[EventDate "2008.07.04"]
[EventType "swiss"]
[EventRounds "9"]
[EventCountry "POL"]
[SourceTitle "EXT 2023"]
[Source "ChessBase"]
[SourceDate "2022.10.05"]
[SourceVersion "1"]
[SourceVersionDate "2022.10.05"]
[SourceQuality "1"]

1. e4 Nf6 2. Nc3 d5 3. exd5 Nxd5 4. Bc4 Nb6 5. Bb3 c5 6. d3 Nc6 7. Nf3 Bf5 8. 0-0 e6 9. Re1 Be7 10. Bf4 0-0 11. Ne2 Bf6 12. Rb1 Bg4 13. Nd2 Nd5 14. Bxd5 exd5 15. h3 Bf5 16. Ng3 Be6 17. Nf3 b5 18. Nh5 Be7 19. d4 g6 20. Ng3 c4 21. Qd2 Bf6 22. c3 Ne7 23. Ne5 Nf5 24. Ng4 Bg7 25. Rbd1 Nxg3 26. Bxg3 Bxg4 27. hxg4 Qd7 28. Qf4 Rfe8 29. Qf3 Re6 1/2-1/2

[Event "Koszalin op"]
[Site "Koszalin"]
[Date "2008.06.09"]
[Round "3"]
[White "Tarczykowski, Janusz"]
[Black "Przerwa, Waldemar"]
[Result "1-0"]
[WhiteElo "1935"]
[BlackElo "1874"]
[PlyCount "63"]
[EventDate "2008.06.07"]
[EventType "swiss"]
[EventRounds "9"]
[EventCountry "POL"]
[SourceTitle "EXT 2009"]
[Source "ChessBase"]
[SourceDate "2008.11.26"]
[SourceVersion "1"]
[SourceVersionDate "2008.11.26"]
[SourceQuality "1"]

1. d4 Nf6 2. c4 d6 3. Nc3 g6 4. e4 Bg7 5. f4 c5 6. dxc5 Qa5 7. Bd2 Qxc5 8. Bd3 0-0 9. Qf3 Bg4 10. Qe3 Qxe3+ 11. Bxe3 Nc6 12. a3 a5 13. h3 Be6 14. Nge2 a4 15. f5 Bd7 16. 0-0 Ne5 17. Rad1 Rfc8 18. c5 dxc5 19. Bc2 b6 20. Bf4 Nc4 21. e5 Nh5 22. Rxd7 Nxf4 23. Rxf4 Nxe5 24. Rxe7 Nc6 25. Rb7 Be5 26. fxg6 Bxf4 27. gxf7+ Kg7 28. Nxf4 Nd4 29. Bxh7 Rab8 30. Ra7 Nc6 31. f8Q+ Kxf8 32. Ne6+ 1-0

[Event "Koszalin op"]
[Site "Koszalin"]
[Date "2008.06.08"]
[Round "2"]
[White "Ziobrowska, Danuta"]
[Black "Tarczykowski, Janusz"]
[Result "0-1"]
[WhiteElo "1736"]
[BlackElo "1935"]
[PlyCount "80"]
[EventDate "2008.06.07"]
[EventType "swiss"]
[EventRounds "9"]
[EventCountry "POL"]
[SourceTitle "EXT 2009"]
[Source "ChessBase"]
[SourceDate "2008.11.26"]
[SourceVersion "1"]
[SourceVersionDate "2008.11.26"]
[SourceQuality "1"]

1. d4 d5 2. c4 c6 3. Nc3 Nf6 4. Nf3 dxc4 5. a4 Bf5 6. e3 e6 7. Bxc4 Bb4 8. Bd2 0-0 9. 0-0 Qe7 10. h3 Nbd7 11. Nh4 Be4 12. Nxe4 Nxe4 13. Bxb4 Qxb4 14. Qc2 Nd2 15. Bd3 Nxf1 16. Bxh7+ Kh8 17. Kxf1 Qe7 18. g3 c5 19. dxc5 Qxc5 20. Qb1 Nf6 21. Bd3 Rfd8 22. Nf3 Qd5 23. Be2 Ne4 24. Qe1 Rac8 25. Rd1 Qc6 26. Rxd8+ Rxd8 27. Kg1 Qxa4 28. Ne5 Kg8 29. Nf3 Qc2 30. b4 Nc3 31. Kf1 Nxe2 32. Qxe2 Rd1+ 33. Ne1 Qc1 34. e4 a6 35. h4 b6 36. e5 a5 37. Qe4 a4 38. Qa8+ Kh7 39. Qe4+ Kh6 40. f4 Rxe1+ 0-1

[Event "Wloclawek Weekend Classic 3rd"]
[Site "Wloclawek"]
[Date "2007.08.27"]
[Round "5"]
[White "Tarczykowski, Janusz"]
[Black "Flis, Pawel"]
[Result "1-0"]
[WhiteElo "1945"]
[BlackElo "2041"]
[PlyCount "79"]
[EventDate "2007.08.24"]
[EventType "swiss"]
[EventRounds "5"]
[EventCountry "POL"]
[SourceTitle "EXT 2011"]
[Source "ChessBase"]
[SourceDate "2010.11.26"]
[SourceVersion "1"]
[SourceVersionDate "2010.11.26"]
[SourceQuality "1"]

1. d4 Nf6 2. c4 c5 3. d5 b5 4. cxb5 a6 5. e3 g6 6. Nc3 Bg7 7. bxa6 0-0 8. Bc4 d6 9. Nge2 Qa5 10. a7 Rxa7 11. Bd2 Ra8 12. Nb5 Qb6 13. 0-0 Na6 14. Nec3 Ne8 15. e4 Nec7 16. Qc1 Re8 17. Re1 Bd7 18. Nxc7 Nxc7 19. Rb1 Nb5 20. Nxb5 Bxb5 21. Bxb5 Qxb5 22. a3 Qb3 23. Re3 Qa2 24. Re1 Reb8 25. Bg5 Ra7 26. b4 Bd4 27. Be3 Qxa3 28. Qxa3 Rxa3 29. bxc5 Rxb1 30. Rxb1 Bxe3 31. c6 Bb6 32. g3 Ra6 33. Kg2 Ra2 34. Rxb6 Rc2 35. Rb7 Kf8 36. Kf3 f6 37. Ke3 Ke8 38. Rb8+ Kf7 39. Kd3 Rc1 40. Rb4 1-0

[Event "Kowalewo Pomorskie op-B"]
[Site "Kowalewo Pomorskie"]
[Date "2007.07.14"]
[Round "7.5"]
[White "Labun, Kornel"]
[Black "Tarczykowski, Janusz"]
[Result "1-0"]
[WhiteElo "1770"]
[BlackElo "1945"]
[PlyCount "109"]
[EventDate "2007.07.04"]
[EventType "swiss"]
[EventRounds "9"]
[EventCountry "POL"]
[SourceTitle "EXT 2023"]
[Source "ChessBase"]
[SourceDate "2022.10.05"]
[SourceVersion "1"]
[SourceVersionDate "2022.10.05"]
[SourceQuality "1"]

1. e4 Nf6 2. Nc3 d5 3. exd5 Nxd5 4. Bc4 Nb6 5. Bb3 c5 6. d3 e6 7. Bf4 Bd6 8. Bg3 0-0 9. Nf3 Nc6 10. Ne4 Bxg3 11. hxg3 h6 12. Nxc5 Nd4 13. c3 Nxb3 14. Nxb3 Na4 15. Qe2 b6 16. d4 a5 17. 0-0-0 Ba6 18. Qc2 Qf6 19. Rhe1 Bb7 20. Nbd2 b5 21. Re5 Bd5 22. Kb1 Rfc8 23. Rc1 Nb6 24. Ne4 Qg6 25. Nc5 Qxc2+ 26. Rxc2 Nc4 27. Re1 b4 28. Ka1 bxc3 29. Rxc3 Nd6 30. b3 Nb5 31. Rd3 Nxd4 32. Nxd4 Rxc5 33. f3 a4 34. b4 Rc4 35. a3 Rac8 36. Kb2 f6 37. Re2 Rc1 38. Rc2 R1xc2+ 39. Nxc2 Kf8 40. Ne3 Bb3 41. Rd7 Rc6 42. g4 f5 43. gxf5 exf5 44. Rd2 f4 45. Nf5 Rf6 46. Nd4 Bc4 47. Kc3 Bf1 48. b5 Rg6 49. Kb4 Bxg2 50. Ne6+ Rxe6 51. Rxg2 Re3 52. Kxa4 Rxf3 53. b6 Re3 54. b7 Re8 55. Rc2 1-0